00389nam a22001337a 450000500170000000800410001704100130005808200130007110000130008424500420009726000580013930000320019765000260022920240612064124.0240612b |||||||| |||| 00| 0 eng d aEnglish  a349 LAW  lEnglish  aThe All England Law Reports: Reprint  aLondon: bButterworth and Co. Publishers Ltd, c1965  bxxxix, 1068 pages; c25 cm. aLegal practice bLaw